[Event "CRO Champ"]
[Site "Bjelovar"]
[Date "2019.04.05"]
[Round "5.1"]
[White "Kovacevic, Blazimir"]
[Black "Bosiocic, Marin"]
[Result "0-1"]
[WhiteElo "2475"]
[BlackElo "2613"]
[PlyCount "68"]
[EventDate "2019.??.??"]
[WhiteClock "1:29:00"]
[BlackClock "1:29:00"]

1. Nf3 d5 2. g3 Bg4 3. Bg2 c6 4. O-O e6 {The modern recipe against Reti. Just
put your bishop outside the chain and go e6 and c6.} 5. d4 Nf6 6. Nbd2 Be7 7.
Re1 {Preparation of e4 is on of the plans for White.} (7. c4 {Is the other})
7... O-O 8. e4 Bh5 9. c3 a5 $5 {An unorthodox decision to grab some space. I
find Bosiocic's play very appealing.} 10. h3 (10. a4 {Was probably more
circumspect, not allowing the expansion}) 10... a4 11. exd5 cxd5 12. g4 Bg6 13.
Ne5 Nbd7 14. Nxg6 hxg6 15. a3 {White will have trouble with the b2 pawn once
the queen appears on b6 and the knight on c4.} Qc7 16. Nf1 Bd6 17. g5 {But
this is asking for it. There were other, less provocative moves.} Nh5 18. Bf3
Nf4 19. Bg4 Nb6 20. h4 Rae8 (20... Nc4 {Was more precise. The point is that
after} 21. Bxf4 Bxf4 22. Re2 Ra6 {With crude ideas of Rb6 appears.}) 21. Bxf4
Bxf4 {Even so, White's position is unpleasant} 22. Qd3 $6 {A pseudoactive move}
(22. Be2 {Preventing Nc4, was probably better.}) 22... Nc4 23. Re2 e5 $5 {Not
the only way to continue. It is debatable whether this move is the best, but
it is definitely unplesant to face.} 24. dxe5 Rxe5 $1 {Very precise,
preventing the doubling of White rooks on e1} (24... Nxe5 25. Qh3) 25. Bf3 (25.
Rae1 Nxb2) 25... Rd8 {Now White's position is already difficult} 26. Qc2 (26.
Rd1 {Preventing d4 push at all costs was mandatory} Qd7 27. Kg2) 26... Qd7 27.
Kg2 d4 28. cxd4 Qxd4 (28... Rxe2 {Was actually more precise. After} 29. Qxe2 (
29. Bxe2 Nd6) 29... Qxd4 (29... Nd6 30. Bg4) 30. Bxb7 (30. Rd1 {\/The point is
that with the queen on e2, this move odesn't work} Qxd1 31. Qxd1 Rxd1 32. Bxd1
Nxb2) 30... Nxb2 {Black is the one pushing}) 29. Rxe5 Nxe5 30. Bxb7 $2 {A
fatal blunder.} (30. Rd1 {And suddenly White gets back in the game}) 30... Qd7
31. Bf3 Nxf3 32. Kxf3 Qh3+ $1 33. Kxf4 Rd4+ 34. Ke5 Rxh4 {And here White
resigned - it is clear he can't survive with the king on e5} (34... Qxh4 {Was
actually better, but who the hell cares :D}) 0-1

[Event "CRO Champ"]
[Site "Bjelovar"]
[Date "2019.04.06"]
[Round "6.1"]
[White "Bosiocic, Marin"]
[Black "Saric, Ivan"]
[Result "1-0"]
[WhiteElo "2613"]
[BlackElo "2691"]
[PlyCount "91"]
[EventDate "2019.??.??"]
[WhiteClock "1:30:00"]
[BlackClock "1:30:00"]

1. d4 {Bosiocic is a true modern grandmaster with a wide repertoire, although
I believe that 1 d4 is his childhood love} Nf6 2. c4 c6 {Ivan has started
playing Semi-Slav regularly in recent years. In his youth, he was famous for
venturing the King's Indian - something his fans somehow always hope to see.}
3. Nf3 d5 4. e3 Bg4 {But this is a bit surprising, since my impression was
that Ivan always went for e6. I may be wrong though} 5. Qb3 Qb6 6. Nc3 e6 7.
Nh4 Be7 8. h3 Bh5 9. g4 Bg6 10. Nxg6 hxg6 {Up to this point, we have seen a
theoretical discussion, but now Bosiocic employs a new move} 11. Rg1 {Removing
the rook from the pin} (11. Bg2 {And}) (11. g5 {Have been exclusively played})
11... g5 12. Bd2 Nbd7 13. O-O-O Qc7 {Perhaps it was easier to exchange the
queens} (13... Qxb3 14. axb3 Nf8 {And Black is not worse, despite his
opponent's bishop pair}) (13... Nf8 {Immediately was also possible}) 14. Kb1 a6
$6 {Also a bit slow. Ivan starts drifting here} (14... Nf8 15. cxd5) (14...
dxc4 {Seems like a concession, but after} 15. Qxc4 O-O-O 16. Bg2 Nb6 {Black is
only slightly worse}) (14... a5 {With the idea of a4 was also an option.} 15.
cxd5 (15. Bg2 a4 16. Nxa4 dxc4 17. Qxc4 b5 18. Qxc6 Qxc6 19. Bxc6 Rxa4 20. Bxb5
{Is not worse for Black}) 15... Nxd5 16. Qc2 {With equality}) 15. Bg2 {Now
Black's position is already a bit dubious. Computer indicates a5 or Qb6 as
options. Saric goes wrong} Rc8 $2 {But this is a serious mistake, leading to a
very favourable position for White} (15... O-O 16. cxd5 Nxd5 17. Bxd5 $1 {
Apparently an important idea in this set-ups} (17. Nxd5 cxd5 18. Rc1 {Is also
good}) 17... exd5 18. e4 {Is also better for White}) 16. cxd5 cxd5 (16... Nxd5
17. Nxd5 exd5 (17... cxd5 18. Rc1 Qb8 19. Rxc8+ Qxc8 20. e4 {Is horrible for
Black}) 18. e4 {With initiative}) (16... exd5 17. e4 (17. f4 {Is also an option
})) 17. e4 $1 {Opening the position for his bishops.} (17. f4 {Was also
playable}) 17... dxe4 18. Nxe4 Nxe4 19. Bxe4 O-O 20. h4 $1 {Excellent play!
This is an extremely unplesant move to face} (20. Qxb7 {Was also good, but a
bit primitive} Qd6 {And the game continues}) 20... Nf6 (20... gxh4 21. g5 {And
White will have a strong attack in the near future. Even so, perhaps Black
could have netted a pawn for his trouble}) 21. Bf3 gxh4 22. g5 Nd5 23. Rh1 $1 {
Now White is simply winning. Saric manages to put up a tough resistance, though
} Nf4 24. Rxh4 Ng6 25. Rh3 Rfd8 26. Be4 $1 {The strongest move, targeting the
weak knight} Qc4 {The best move, seeking salvation in a tough endgame} 27. Bxb7
Qxb3 28. Rxb3 Rb8 29. d5 $1 {Another great move! Bosiocic plays this phase of
the game extremely precisely} (29. Be3 a5 {And now White has to go for} 30. d5
{In order to maximize the advantage}) 29... exd5 30. Ba5 Rd7 31. Bxd5 Rxb3 32.
Bxb3 Rxd1+ 33. Bxd1 Nf4 34. Bb3 Bxg5 {Even though the material is equal, the
two bishops and the queenside pawn majority are simply too strong. Besides,
the a-pawn is bound to fall} 35. Bc4 Nh3 36. Bb6 Bh4 37. a4 (37. f3 {Was
satisfactory as well}) 37... Bxf2 38. a5 Bg3 39. Bxa6 Ng5 40. Bb7 Ne6 41. a6
Bb8 42. b4 Kf8 43. b5 Ke7 44. Bd5 Kd6 45. Bxe6 Kxe6 46. Bc7 $1 {A sweet final
point. Saric resigned here.     A great game by Bos, worthy of a champion!} 1-0

[Event "CRO Champ"]
[Site "Bjelovar"]
[Date "2019.04.07"]
[Round "7.6"]
[White "Saric, Ivan"]
[Black "Zelcic, Robert"]
[Result "1-0"]
[WhiteElo "2691"]
[BlackElo "2520"]
[PlyCount "101"]
[EventDate "2019.??.??"]
[WhiteClock "1:30:00"]
[BlackClock "1:30:00"]

1. e4 {Saric has played only 1 e4 his entire life} c6 {While 1...c6 is
Zelcic's main response} 2. d4 d5 3. e5 {I think this is the most critical
continuation - sometimes Saric never shies away from} Bf5 4. Nf3 e6 5. Be2 {
Nigel Short is the one responsible for the popularity of this quiet system in
the advance variation} c5 {This is a natural move, but also a dangerous one -
in some variations Black runs into problems on the queenside} 6. Be3 (6. c3 {
Gives Black a good version of the French defence}) 6... Qb6 (6... cxd4 7. Nxd4
{Is bad for Black}) 7. Nc3 $1 {The point!} Nc6 (7... Qxb2 {Can be met by either
} 8. Nb5 ({Or the surprising} 8. Qb1 $5 Qxb1+ (8... Qxc3+ {Loses to} 9. Bd2) 9.
Rxb1 {And now Black's best is to play} c4 (9... b6 10. dxc5 bxc5 11. Rb7 {Is
considered as better for White}))) 8. O-O Qxb2 9. Qe1 {This is all theory,
obviously} (9. Qb1 {Is now bad. After} Qxb1 10. Rfxb1 {Black can go} O-O-O {
And he is fine}) (9. Nb5 {Has also been played} c4 10. Nc7+ Kd7 11. Nxa8 Bxc2 {
And it is not clear who is better}) 9... cxd4 10. Bxd4 Nxd4 11. Nxd4 Bb4 12.
Rb1 Qxc3 13. Rxb4 Qxe1 (13... Qc7 {Is too risky. White has several good
continuations. The best might be immediate strike with} 14. c4 (14. Nb5 Qxe5 {
Is not so clear})) 14. Rxe1 {The smoke has cleared. White has sacrificed a
pawn, but he has a lead in development and Black has trouble on the queenside,
which gives him sufficient compensation} b6 {Black can't allow Rxb7} 15. h4 {
But this is not the first move that comes to mind. I am not 100% sure, but
there is high probability Saric was still within his preparation} (15. Nxf5
exf5 16. Bb5+ {Is also possible, but the inclusion of h4 and h5 is in White's
favour (opens the route for the king and creates a potential target on g6)}) (
15. Nb5) (15. Bb5+) 15... h5 {But this is a mistake, creating too many
weaknesses} (15... Be4 {Is the comp's suggestion} 16. f3 Bg6 {And now h5 is
not possible} 17. Bb5+ Kf8 18. Re3 {And White has definite compensation. But
not more}) (15... Bg6 {Loses on the spot} 16. h5) 16. Nxf5 exf5 17. Bb5+ Kf8 (
17... Ke7 {I didn't understand what is wrong with this move} 18. Rd4 Ke6 19. c4
{But then the engine quickly made me realize this typical move leads to
decisive advantage}) 18. Rd1 Ne7 19. c4 {Remember this shot, dear readers.
Undermining the center with c4 happens often in these advance Caro positions}
d4 {Trying to keep the position closed} (19... dxc4 20. Rxc4 {And White's rook
are tremendously active. Black can't even go} Rc8 21. Rxc8+ Nxc8 22. Rd8+) 20.
Rxd4 Rh6 21. Ra4 {But now Black has a very unpleasant endgame} Nc6 22. Rd5 Re6
23. f4 g6 24. c5 {White  could have also considered Rd7. It is probably better
than what happened in the game} (24. Rd7 Na5 25. c5 Re7 26. cxb6 axb6 27. Rd6 {
But I agree it is not so easy to evaluate this for a human.}) 24... bxc5 25.
Rxc5 Nd8 26. Bc4 Re7 27. Bd5 Rb8 28. Rca5 Rb1+ 29. Kf2 Rd7 30. Bf3 Ne6 31. Kg3
{It seems that Black loses the pawn on a7 now, but he seems to have sufficient
activity to compensate for it} Rd3 32. Rd5 {White can't afford to grab the
pawn yet} (32. Rxa7 Nd4 33. Ra3 Ne2+ 34. Kh2 Rxa3 35. Rxa3 Nxf4 {And it is not
clear who is better anymore}) 32... Rxd5 $2 {But this is a mistake, after
which White gets back in the driver's seat} (32... Rbd1 {Is a move negine will
quickly point out. After} 33. Rxd3 Rxd3 34. Rxa7 Rd4 35. a4 Nxf4 {Black has
every chance of defending}) 33. Bxd5 {Now bishops gets in a good position and
dominates the knight} Nc7 34. Bb3 a6 35. Rc4 Nb5 36. Rc8+ Ke7 37. Ra8 $6 {
There was actually an immediate win available} (37. Bd5 {Is pointed out by the
engine. After} Rd1 38. Bc6 {White is winning}) 37... Nc7 38. Rc8 Rc1 39. Kf2
Rc5 40. Ke2 Rc6 41. Kd3 Rc5 $6 {Too passive.} (41... f6 {For better or for
worse, Black should have tried eliminating the pawns, although his position
remains difficult}) 42. g3 Rc6 43. Bc4 Rc5 (43... f6) 44. a4 Rc6 45. Kd4 a5 46.
Kd3 Rc5 47. Rb8 f6 {But now this comes at a wrong moment} 48. exf6+ Kxf6 49.
Rb6+ {And Black will lose at least an exchange, so Zelcic resigned. The
continuation could have been} Kg7 50. Kd4 Rxc4+ 51. Kxc4 {And wins} 1-0

[Event "CRO Champ"]
[Site "Bjelovar"]
[Date "2019.04.08"]
[Round "8.1"]
[White "Bosiocic, Marin"]
[Black "Zelcic, Robert"]
[Result "1-0"]
[WhiteElo "2613"]
[BlackElo "2520"]
[PlyCount "65"]
[EventDate "2019.??.??"]
[WhiteClock "1:30:00"]
[BlackClock "1:30:00"]

1. e4 c6 {Zelcic sticks to his guns} 2. d4 d5 3. e5 c5 {But he is the first to
deviate from the previous game} 4. dxc5 {Certainly the most critical} e6 5. a3
{But this is relatively a new approach, but a sensible idea - White returns
the pawn at once in order to grab some space on the queenside and to develop
his bishop on b2} Bxc5 6. b4 Bb6 7. Bb2 {According to my openins book, this is
already a new move} (7. Qg4) (7. Nf3 {Have been played}) 7... Ne7 8. Nf3 a5 9.
Nbd2 axb4 10. axb4 Rxa1 11. Qxa1 O-O 12. Bd3 {The position is probably
balanced, but White's position is easier to play. He will castle, put his rook
somewhere and play a timely c4.     As usual in such positions with lack of
space - it is not clear what Black should be doing. Preparing f6 is a bit
difficult due to the Qa1 and Bb2 battery} Na6 13. Qa3 Ng6 14. h4 Nc7 {The
first questionable decision - Black probably shouldn't have allowed h5} (14...
h5 {Looks risky though}) (14... Nf4 {Gains some time} 15. Bf1 Bd7 16. g3 Ng6
17. h5 Ne7 18. h6 g6 19. Nh2 {But the position is still complicated and
probably slightly better for White}) 15. h5 Nf4 16. Bf1 {But not the knight on
f4 runs into trouble} d4 $2 (16... g6 {Was the only way - as ugly as it looks})
17. g3 {Good enough, but} (17. h6) (17. Rh4 {Were more critical}) 17... Nfd5
18. h6 g6 19. Bxd4 Bxd4 20. Nxd4 Qe7 21. c3 f6 22. Be2 (22. N2f3 fxe5 23. Nxe5
Qd6 24. f4 {Is probably better for White, but it doesn't look like a human
decision}) 22... fxe5 23. N4f3 b5 {Preventing c4} 24. Ne4 $2 {But this move
throws away the entire advantage - at least according to the computer} (24.
Nxe5 {Was the best, although Black does have counterplay}) 24... Nf6 $2 {But
Zelcic misses his chance} (24... Bb7 {Looks ugly due to} 25. Nc5 {But there is
a great shot available} (25. Nfg5 {Is what White has to play, but after} Nf6
26. Bd3 {It is clear we have a completely different game}) (25. Qa7 Ba8) 25...
Ne3 26. fxe3 Bxf3 {And black takes over}) 25. Nxf6+ Qxf6 26. Qa7 {Now White
manages to keep control. The queen is extremely strong on a7, preventing the
development of the bishop and watching over g7 square} Nd5 27. Ng5 $1 Bb7 28.
Nxe6 $1 {Diverting the queen} e4 $2 {Losing on the spot} (28... Qxe6 {Would
prolong the game, although after} 29. Qxb7 Qf7 30. Qxf7+ Rxf7 31. Bxb5 {Black
can't save the game}) 29. Nxf8 Qxc3+ 30. Kf1 {And it is all over} (30. Kd1 $4 {
Was the only trap to avoid:} e3 31. Qa2 Kxf8 {And suddenly Black is winning})
30... Qc7 31. Ne6 Qe7 32. Qb8+ Kf7 33. Nd8+ {Another crushing defeat which put
an end to Zelcic's hopes} 1-0

[Event "CRO Champ"]
[Site "Bjelovar"]
[Date "2019.04.08"]
[Round "8.6"]
[White "Martinovic, Sasa"]
[Black "Jovanovic, Zoran"]
[Result "1-0"]
[WhiteElo "2555"]
[BlackElo "2511"]
[PlyCount "51"]
[EventDate "2019.??.??"]
[WhiteClock "1:30:00"]
[BlackClock "1:30:00"]

1. d4 d6 2. Nf3 g6 {Jovanovic plays the Modern, the Philidor and similar
systems his whole life} 3. e4 {But this surprises me - Sasa enters the Pirc.
Not something very common for a d4 player} Nf6 4. Nc3 c6 5. Be3 Qa5 6. Bd3 Bg7
7. Qd2 Bg4 {I am not sure about the combination of the moves c6-Qa5-Bg4, but I
don't believe it can lead to something good} 8. Nh4 $1 {But this is a strong
and far from obvious reply. The knight simply moves away from the attack and
makes way for the Facundo the f-pawn.} e5 {Logical continuation} 9. h3 Be6 10.
f4 Nh5 $2 {But this is too provocative. Black asks for trouble} (10... exd4 {
The crisis in the center should have been resolved. After} 11. Bxd4 c5 12. Be3
Nc6 13. f5 Bd7 {White is better, but Black is in the game} 14. g4 {Is not
nearly as dangerous as in the game}) 11. dxe5 dxe5 12. f5 {Now this is very
strong} Bf6 {From frying pan to fire} (12... Bd7 {Now leads to} 13. g4) 13. O-O
{Not strictly neccessary, but very attractive and strong pawn sacrifice} Bxh4
14. fxe6 fxe6 15. Rad1 {Black can't castle, his pieces are on the edge or not
developed and he is in serious trouble} Qb4 $2 {The final mistake, allowing
coup de grace} (15... Nd7 {Leads to} 16. Bc4 O-O-O 17. Bxe6) (15... Qd8 {Is
relatively best, but after} 16. g4 Ng7 (16... Ng3 17. Rf3) 17. Na4 {White's
compensation is enormous}) 16. Nb5 {Almost like Morphy} Qxd2 17. Nd6+ Kd8 18.
Rxd2 {Despite the queen exchange, Black is busted} Nd7 19. Rf7 $1 (19. Nf7+ Ke7
20. Nxh8 Rxh8 {Was, of course, sufficient, but Sasa goes for the kill}) 19...
Kc7 20. Bc4 Nhf6 21. Bxe6 {Black is completely paralyzed. The game ends quickly
} Rad8 22. g3 {A final touch in a position where every combination is "as
natural as baby's smile"} Bxg3 23. Bg5 Rdf8 24. Bxf6 Rxf7 25. Nxf7 Nxf6 26.
Nxh8 {And here Jovanovic resigned. A real gem that well deserved the award it
got!} 1-0

[Event "CRO Champ"]
[Site "Bjelovar"]
[Date "2019.04.10"]
[Round "10.6"]
[White "Jovanovic, Zoran"]
[Black "Kozul, Zdenko"]
[Result "0-1"]
[WhiteElo "2511"]
[BlackElo "2589"]
[PlyCount "120"]
[EventDate "2019.??.??"]
[WhiteClock "1:28:00"]
[BlackClock "1:30:00"]

1. e4 c5 2. Nf3 Nc6 3. Bb5 Nf6 4. Nc3 a6 {I always thought you don't want to
force the exchange on c6 when White wants to take anyway, but what do I know}
5. Bxc6 dxc6 6. a4 Bg4 7. h3 Bh5 8. a5 {The advance of the a-pawn so early in
the game is a bit strange} e6 9. g4 Bg6 10. Qe2 Nd7 11. Nd1 {But this is
indeed a bad move. White probably wanted to put the knight to c4, but he
doesn't have time} (11. d3 h5 (11... c4 {Is another possibility} 12. dxc4 Bb4)
12. g5 {Was more normal. The difference with the subsequent variation lies in
the fact bishop can be developed} h4 13. Bf4 {And now e5 is prevented in the
future, as after} Bh5 14. Qe3 c4 15. d4 e5 {White can simply take the pawn} 16.
Nxe5) 11... h5 12. Rg1 (12. g5 h4 13. d3 Bh5 {Is now unpleasant} 14. Qe3 c4 15.
d4 e5 {And the bishop on e5 doesn't prevent this move. After} 16. dxe5 Nxe5 {
Black can't take the knight due to the mate on d1 (another downside of Nd1)})
12... hxg4 13. hxg4 c4 $5 {Simply a great move - just giving up a weak pawn in
order to gain some time} (13... Be7 {There were simpler ways of continuing,
Be7 being one of them}) 14. Qxc4 Qf6 15. Qe2 Rh3 16. Rg3 {The only move} Rxg3
17. fxg3 Ne5 18. Nh4 O-O-O {Now Black's position is so much easier to play.
White's pawn structure is full of targets} 19. d3 {This basically returns the
pawn} (19. Nf2 {Is the comp's suggestion. It claims 0.0 here, which means
Black has full compensation for the pawn}) 19... Bb4+ 20. Bd2 Bxd2+ 21. Qxd2 (
21. Kxd2 Qg5+ {Is not particularly helpful} 22. Kc3 Nxg4) 21... Bxe4 22. Qf4
Bf3 23. Qxf6 gxf6 24. Nxf3 Nxf3+ 25. Kf2 Ne5 {The endgame is excellent for
Black} 26. Ne3 Rd4 {But this is a bit strange} ({Why not} 26... Rg8) ({Or} 
26... Rh8) 27. Ke2 Kd8 28. b3 Ke7 29. Rh1 c5 30. Rh8 {This just gives a tempo
for Rg8} (30. Rh4 Rd8 31. Nc4 {White should be aiming to exchange knights, not
rooks}) 30... Rd8 31. Rh5 Rg8 {This should have probably been played
immediately} 32. Nc4 Rxg4 33. Nxe5 fxe5 34. Kf3 {Another imprecision, moving
the king away from the queenside} (34. Rxe5 Kd6 (34... Rxg3 35. Rxc5) 35. Re3
Rb4 36. Rf3 f5 37. Rf1 {Was the best - White defends all his pawns and the
game should end in a draw}) 34... Rb4 35. Rxe5 Rb5 {Now the a-pawn falls and
Black is again in the driver's seat} 36. Rh5 Rxa5 37. b4 {It is logical to
exchange the pawns, but now Black's a pawn becomes passed} (37. Ke3 {Passive
defence was probably better}) 37... Rb5 38. bxc5 b6 39. d4 bxc5 40. dxc5 a5 41.
Ke3 a4 42. Kd4 Rb4+ $2 {I am the first who should never give question marks in
the endgames, but this deserves it} (42... a3 43. Rh1 a2 44. Ra1 Ra5 {And
Black is winning}) 43. c4 $2 {Returning the favor} (43. Kc3 {Was the best
defence. I am not sure Black can win after say} Rg4 44. Rh1 Rxg3+ 45. Kb4 a3
46. Rd1) 43... a3 {Now it is all over. We get a scenario similar to the one
examined on Black's 42nd move} 44. Rh2 Ra4 45. Ra2 f5 46. c6 Kd6 47. c7 Kxc7
48. Ke5 Kd7 49. Kf6 Ra6 50. c5 Ra5 51. c6+ Kd6 52. c7 Kxc7 53. Kxe6 Kc6 54. Kf6
Kd6 55. Kg5 Ke5 56. Re2+ Kd4 57. Ra2 Kc4 58. Ra1 a2 59. Kf4 Kb3 60. Re1 a1=Q {
A crushing win in an important moment. This win allowed Kozul to catch the
leaders and fight for the first place in the last round. But more on that later
} 0-1